| 000 | 00353nam a22001457a 4500 | ||
|---|---|---|---|
| 003 | SGT | ||
| 020 | _a9781108700351 | ||
| 082 |
_a954 _bBRO |
||
| 100 | _aBROWN , JUDITH M | ||
| 245 |
_aGANDHI'S RISE TO POWER _bINDIAN POLITICS 1915-1922 |
||
| 250 | _a1 | ||
| 260 |
_aNEW DELHI _bCAMBRIDGE UNIVERSITY PRESS _c2018 |
||
| 300 | _aXVI , 384 | ||
| 942 |
_2ddc _cBK |
||
| 999 |
_c20946 _d20946 |
||